| 000 | 00401cam a2200157ua 4500 | ||
|---|---|---|---|
| 041 |
_aeng _h |
||
| 082 |
_a631.587 _bBAI/FA |
||
| 100 | _aBaidya, Hutaram . | ||
| 245 |
_aFarm irrigation and water management / _cBaidya Hutaram. _hTextual Documents |
||
| 250 |
_a1 / _b. |
||
| 260 |
_aNepal : _bRoyal Nepal academy , _c1968. |
||
| 300 | _a236 ; . | ||
| 504 | _a | ||
| 942 | _cBK | ||
| 999 |
_c8772 _d8772 |
||